Catálogo
 En Linea

Temas para una ciudad / (Registro nro. 24748)

Detalles MARC
000 -CABECERA
campo de control de longitud fija 00411nam a2200157 u 4500
001 - NÚMERO DE CONTROL
campo de control 000025255
005 - FECHA Y HORA DE LA ÚLTIMA TRANSACCIÓN
campo de control 20200930023649.0
008 - DATOS DE LONGITUD FIJA--INFORMACIÓN GENERAL
campo de control de longitud fija 110209s19uu ve r 000 | spa d
040 ## - FUENTE DE LA CATALOGACIÓN
Centro catalogador/agencia de origen DO-SdBNP
Lengua de catalogación spa
Centro/agencia transcriptor BNPHU
082 ## - NÚMERO DE LA CLASIFICACIÓN DECIMAL DEWEY
Número de clasificación xxx
Número de documento/Ítem A775t
049 ## - FONDOS LOCALES (OCLC)
Fondos de biblioteca BNGR
100 1# - ENTRADA PRINCIPAL--NOMBRE DE PERSONA
Nombre de persona Arria, Diego
9 (RLIN) 51753
245 10 - MENCIÓN DE TÍTULO
Título Temas para una ciudad /
Mención de responsabilidad, etc. Diego Arria.
260 ## - PUBLICACIÓN, DISTRIBUCIÓN, ETC.
Lugar de publicación, distribución, etc. Caracas :
Nombre del editor, distribuidor, etc. [s.n.] ,
Fecha de publicación, distribución, etc. [19?].
300 ## - DESCRIPCIÓN FÍSICA
Extensión 174 p. ;
Dimensiones 18 cm.

No hay ítems disponibles.

Con tecnología Koha